Судьба примадонны: воспоминания и документы о жизни и творчестве Л. Я. Липковской; Мемуары Л. Я. Липковской; Интервью Л. Я. Липковской; Письма Л. Я. Липковской; Воспоминания о Л. Я. Липковской; Стихи, посвященные Л. Я. Липковской
| 1. autor: | |
|---|---|
| Język: | rosyjski |
| Wydane: |
Кишинев, Литература артистикэ, 1989
|
| TOC: | Мемуары Л. Я. Липковской; Интервью Л. Я. Липковской; Письма Л. Я. Липковской; Воспоминания о Л. Я. Липковской; Стихи, посвященные Л. Я. Липковской; |
| Hasła przedmiotowe: | |
| Format: | MixedMaterials Książka |
| KOHA link: | https://koha.lib.tpu.ru/cgi-bin/koha/opac-detail.pl?biblionumber=116664 |
MARC
| LEADER | 00000nam0a2200000 4500 | ||
|---|---|---|---|
| 001 | 116664 | ||
| 005 | 20231101215338.0 | ||
| 010 | |a 536800446X | ||
| 020 | |a RU |b 90-15616 | ||
| 035 | |a (RuTPU)RU\TPU\book\126253 | ||
| 090 | |a 116664 | ||
| 100 | |a 20070524d1989 m z0rusy5003 ca | ||
| 101 | 0 | |a rus | |
| 102 | |a MD | ||
| 105 | |a a z 001zb | ||
| 200 | 1 | |a Судьба примадонны |e воспоминания и документы о жизни и творчестве Л. Я. Липковской |f Р. В. Арабаджиу | |
| 210 | |a Кишинев |c Литература артистикэ |d 1989 | ||
| 215 | |a 228,[6] с., [12] л. ил. |d 22 см | ||
| 320 | |a Библиогр. в примеч.: с. 185-221 | ||
| 320 | |a Опер. партии Л. Я. Липковской: с. 222-224 | ||
| 320 | |a Имен. указ.: с. 225-232 | ||
| 464 | |t Мемуары Л. Я. Липковской | ||
| 464 | |t Интервью Л. Я. Липковской | ||
| 464 | |t Письма Л. Я. Липковской | ||
| 464 | |t Воспоминания о Л. Я. Липковской | ||
| 464 | |t Стихи, посвященные Л. Я. Липковской | ||
| 600 | 1 | |a Липковская |b Л. Я. |c певица |f 1884-1958 |g Лидия Яковлевна |2 stltpush |3 (RuTPU)RU\TPU\pers\20493 |9 8239 | |
| 606 | |a Вокальная музыка |2 stltpush |3 (RuTPU)RU\TPU\subj\3505 |9 31908 | ||
| 610 | 1 | |a вокальное искусство | |
| 610 | 1 | |a Русский оперный театр | |
| 610 | 1 | |a 20 век | |
| 610 | 1 | |a воспоминания | |
| 610 | 1 | |a музыкальное творчество | |
| 675 | |a 784 |z rus | ||
| 700 | 1 | |a Арабаджиу |b Р. В. |g Радион Васильевич |4 070 | |
| 801 | 0 | |a RU |b RuMRKP |c 19950417 |g psbo | |
| 801 | 1 | |a RU |b 63413507 |c 20070524 |g PSBO | |
| 801 | 2 | |a RU |b 63413507 |c 20171226 |g PSBO | |
| 942 | |c BK | ||